| 000 | 00417nam a22001817a 4500 | ||
|---|---|---|---|
| 999 |
_c11711 _d11711 |
||
| 003 | OSt | ||
| 008 | 230116b ||||| |||| 00| 0 eng d | ||
| 020 | _a9789354242625 | ||
| 082 | _a658.832 GUM | ||
| 100 | _aGUPTA,Seema | ||
| 245 | _aMarketing Analytics | ||
| 250 | _aEd | ||
| 260 |
_aNew Delhi _bWiley _c2022 |
||
| 300 | _a374 | ||
| 650 | _aMarketing Analytics | ||
| 700 | _aJATHAR,Avadhoot | ||
| 942 |
_2ddc _cREF |
||